000 00704nam a22001937a 4500
003 JO-AjAnu
005 20250720091925.0
008 250715b jo ||||| |||| 00| 0 ara d
040 _aanu
_cJO-AjAnu
041 _hENG
100 _aAl-qura’an, Asma’a Adel Awad
_epreparer
_966603
245 _aOn Sigma Perfect Function in Topological Spaces
_c /prepared by Asma’a Adel Awad Al-qura’an Supervision Ali Atoom
260 _c2025
300 _a63 Pages
500 _aUniversity Thesis (Master's Thesis in Mathematics) - Ajloun National University (Jordan-Ajloun) - Faculty of Science, 2025
650 _vTopological Spaces
700 _aAtoom, Ali
_eSupervisor
_966604
942 _2lcc
_cTHS
_n0
999 _c33951
_d33951